<?xml version="1.0" encoding="UTF-8"?>
<record
    xmlns:xsi="http://www.w3.org/2001/XMLSchema-instance"
    xsi:schemaLocation="http://www.loc.gov/MARC21/slim http://www.loc.gov/standards/marcxml/schema/MARC21slim.xsd"
    xmlns="http://www.loc.gov/MARC21/slim">

  <leader>00483nam a22001577a 4500</leader>
  <controlfield tag="003">OSt</controlfield>
  <controlfield tag="005">20151118155818.0</controlfield>
  <controlfield tag="008">151118b        xxu||||| |||| 00| 0 eng d</controlfield>
  <datafield tag="040" ind1=" " ind2=" ">
    <subfield code="c">RUA</subfield>
  </datafield>
  <datafield tag="082" ind1=" " ind2=" ">
    <subfield code="a">FIS &#x1799;&#x17C9;&#x17C1;&#x1793; 1995 B156 Or.1</subfield>
  </datafield>
  <datafield tag="100" ind1=" " ind2=" ">
    <subfield code="9">3887</subfield>
    <subfield code="a">&#x1799;&#x17C9;&#x17C1;&#x1793; &#x179F;&#x17BB;&#x1797;&#x17D0;&#x178E;&#x17D2;</subfield>
  </datafield>
  <datafield tag="245" ind1=" " ind2=" ">
    <subfield code="a">&#x1780;&#x17B6;&#x179A;&#x1785;&#x17B7;&#x1789;&#x17D2;&#x1785;&#x17B9;&#x1798;&#x1794;&#x1784;&#x17D2;&#x1782;&#x17B6;&#x179A;&#x1793;&#x17C5;&#x179F;&#x17D2;&#x179A;&#x17BB;&#x1780;&#x1798;&#x178E;&#x17D2;&#x178C;&#x179B;&#x179F;&#x17B8;&#x1798;&#x17B6;</subfield>
  </datafield>
  <datafield tag="260" ind1=" " ind2=" ">
    <subfield code="a">Phnom Penh</subfield>
    <subfield code="b">RUA</subfield>
    <subfield code="c">1995</subfield>
  </datafield>
  <datafield tag="300" ind1=" " ind2=" ">
    <subfield code="a">82p.</subfield>
    <subfield code="b">ill.</subfield>
    <subfield code="c">29cm.</subfield>
  </datafield>
  <datafield tag="942" ind1=" " ind2=" ">
    <subfield code="2">ddc</subfield>
    <subfield code="c">FIS</subfield>
  </datafield>
  <datafield tag="999" ind1=" " ind2=" ">
    <subfield code="c">3614</subfield>
    <subfield code="d">3614</subfield>
  </datafield>
  <datafield tag="952" ind1=" " ind2=" ">
    <subfield code="0">0</subfield>
    <subfield code="1">0</subfield>
    <subfield code="2">ddc</subfield>
    <subfield code="4">0</subfield>
    <subfield code="6">FIS_&#x1799;&#x17C1;&#x1793;_1995_000000000000000_B156_OR_1</subfield>
    <subfield code="7">0</subfield>
    <subfield code="9">17637</subfield>
    <subfield code="a">LBB</subfield>
    <subfield code="b">LBB</subfield>
    <subfield code="c">B156</subfield>
    <subfield code="d">2015-11-18</subfield>
    <subfield code="o">FIS &#x1799;&#x17C9;&#x17C1;&#x1793; 1995 B156 Or.1</subfield>
    <subfield code="p">RUA011827</subfield>
    <subfield code="r">2015-11-18</subfield>
    <subfield code="w">2015-11-18</subfield>
    <subfield code="y">FIS</subfield>
  </datafield>
  <datafield tag="952" ind1=" " ind2=" ">
    <subfield code="0">0</subfield>
    <subfield code="1">0</subfield>
    <subfield code="2">ddc</subfield>
    <subfield code="4">0</subfield>
    <subfield code="6">FIS_&#x1799;&#x17C1;&#x1793;_1995_000000000000000_B156_OR_2</subfield>
    <subfield code="7">0</subfield>
    <subfield code="9">17638</subfield>
    <subfield code="a">LBB</subfield>
    <subfield code="b">LBB</subfield>
    <subfield code="c">B156</subfield>
    <subfield code="d">2015-11-18</subfield>
    <subfield code="o">FIS &#x1799;&#x17C9;&#x17C1;&#x1793; 1995 B156 Or.2</subfield>
    <subfield code="p">RUA011610</subfield>
    <subfield code="r">2015-11-18</subfield>
    <subfield code="w">2015-11-18</subfield>
    <subfield code="y">FIS</subfield>
  </datafield>
  <datafield tag="952" ind1=" " ind2=" ">
    <subfield code="0">0</subfield>
    <subfield code="1">0</subfield>
    <subfield code="2">ddc</subfield>
    <subfield code="4">0</subfield>
    <subfield code="6">FIS_&#x1799;&#x17C1;&#x1793;_1995_000000000000000_B156_OR_3</subfield>
    <subfield code="7">0</subfield>
    <subfield code="9">17639</subfield>
    <subfield code="a">LBB</subfield>
    <subfield code="b">LBB</subfield>
    <subfield code="c">B156</subfield>
    <subfield code="d">2015-11-18</subfield>
    <subfield code="l">1</subfield>
    <subfield code="m">1</subfield>
    <subfield code="o">FIS &#x1799;&#x17C9;&#x17C1;&#x1793; 1995 B156 Or.3</subfield>
    <subfield code="p">RUA011681</subfield>
    <subfield code="r">2017-12-04</subfield>
    <subfield code="s">2017-10-27</subfield>
    <subfield code="w">2015-11-18</subfield>
    <subfield code="y">FIS</subfield>
  </datafield>
  <datafield tag="952" ind1=" " ind2=" ">
    <subfield code="0">0</subfield>
    <subfield code="1">0</subfield>
    <subfield code="2">ddc</subfield>
    <subfield code="4">0</subfield>
    <subfield code="6">FIS_&#x1799;&#x17C1;&#x1793;_1995_000000000000000_B156_OR_4</subfield>
    <subfield code="7">0</subfield>
    <subfield code="9">17640</subfield>
    <subfield code="a">LBB</subfield>
    <subfield code="b">LBB</subfield>
    <subfield code="c">B156</subfield>
    <subfield code="d">2015-11-18</subfield>
    <subfield code="o">FIS &#x1799;&#x17C9;&#x17C1;&#x1793; 1995 B156 Or.4</subfield>
    <subfield code="p">RUA011534</subfield>
    <subfield code="r">2015-11-18</subfield>
    <subfield code="w">2015-11-18</subfield>
    <subfield code="y">FIS</subfield>
  </datafield>
  <datafield tag="952" ind1=" " ind2=" ">
    <subfield code="0">0</subfield>
    <subfield code="1">0</subfield>
    <subfield code="2">ddc</subfield>
    <subfield code="4">0</subfield>
    <subfield code="6">FIS_&#x1799;&#x17C1;&#x1793;_1995_000000000000000_B156_OR_5</subfield>
    <subfield code="7">0</subfield>
    <subfield code="9">17641</subfield>
    <subfield code="a">LBB</subfield>
    <subfield code="b">LBB</subfield>
    <subfield code="c">B156</subfield>
    <subfield code="d">2015-11-18</subfield>
    <subfield code="o">FIS &#x1799;&#x17C9;&#x17C1;&#x1793; 1995 B156 Or.5</subfield>
    <subfield code="p">RUA011793</subfield>
    <subfield code="r">2015-11-18</subfield>
    <subfield code="w">2015-11-18</subfield>
    <subfield code="y">FIS</subfield>
  </datafield>
  <datafield tag="952" ind1=" " ind2=" ">
    <subfield code="0">0</subfield>
    <subfield code="1">0</subfield>
    <subfield code="2">ddc</subfield>
    <subfield code="4">0</subfield>
    <subfield code="6">FIS_&#x1799;&#x17C1;&#x1793;_1995_000000000000000_B156_OR_6</subfield>
    <subfield code="7">0</subfield>
    <subfield code="9">17642</subfield>
    <subfield code="a">LBB</subfield>
    <subfield code="b">LBB</subfield>
    <subfield code="c">B156</subfield>
    <subfield code="d">2015-11-18</subfield>
    <subfield code="o">FIS &#x1799;&#x17C9;&#x17C1;&#x1793; 1995 B156 Or.6</subfield>
    <subfield code="p">RUA011894</subfield>
    <subfield code="r">2015-11-18</subfield>
    <subfield code="w">2015-11-18</subfield>
    <subfield code="y">FIS</subfield>
  </datafield>
</record>
